=LDR 00000nam 2200000 4500 =001 INLIS000000000040388 =005 20130612145944 =008 ***********************************ind** =035 ##$$0010-061300000040388 =041 ##$$a ind =082 ##$$a 332.623 2 =090 ##$$a 332.632 2, Man p =100 ##$$a MANURUNG, Adler Haymans =245 ##$$a Panduan sekses menjual seksa dana, Adler haymas manurung =260 ##$$a 2010 $b Jakarta =300 ##$$a Ix,164 Hlm, 23 cm =650 ##$$a INVESTASI REKSA DANA =850 ##$$a NBPNMAT